000 00596nam a2200205Ia 4500
003 OSt
005 20250717094416.0
008 210210b1996 xxu||||| |||| 00| 0 eng d
040 _cAL
041 _aKannada
082 _aK894.4 PATP
100 _aPATILA PUTTAPPA.
_9138997
_dಪಾಟೀಲ ಪುಟ್ಟಪ್ಪ
245 _aPa.Pu. prapancha: Samputa 2
_bಪಾಪು ಪ್ರಪಂಚ : ಸಂ ೨
260 _aBengaluru
_bE B S Pablishars Distributars
_c1996
300 _axii,283
440 _a2
_9138998
690 _aKannada Prose
_9138999
906 _a052507
942 _2ddc
_cBK
999 _c100956
_d100956